Biggest Cities in Jordan - Statistics

General Stats
  • This quiz has been taken 4 times
  • The average score is 10 of 17
Answer Stats
Population Answer % Correct
5,050,000 Amman
100%
180,000 Aqaba
100%
120,000 Jarash
100%
100,000 Al-Mafraq
75%
140,000 As-Salt
75%
765,000 Az-Zarqa
75%
571,000 Irbid
75%
100,000 Ma'an
75%
150,000 Madaba
75%
76,000 Ajloun
50%
110,000 Al-Karak
50%
300,000 Al-Quwaysimah
25%
130,000 Ar-Ramtha
25%
520,000 Russeifa
25%
40,000 Tafilah
25%
200,000 Tla Al-Ali
25%
250,000 Wadi As-Seer
25%
No matching quizzes found
Score Distribution
Percent of People with Each Score
Percentile by Number Answered
Your Score History
You have not taken this quiz